Načertanije

Elmentve itt :
Bibliográfiai részletek
Szerző: Szajcsán Éva
Dokumentumtípus: Cikk
Megjelent: University of Szeged, Magyar Medievisztikai Kutatócsoport Szeged 2001
Sorozat:Acta Universitatis Szegediensis : acta historica 111
Kulcsszavak:Szerbia története - 19. sz., Ilija Garašanin
Tárgyszavak:
Online Access:http://acta.bibl.u-szeged.hu/2883
LEADER 00778nab a2200205 i 4500
001 acta2883
005 20260130153959.0
008 161015s2001 hu o 000 hun d
022 |a 0324-6965 
040 |a SZTE Egyetemi Kiadványok Repozitórium  |b hun 
041 |a hun 
100 1 |a Szajcsán Éva 
245 1 0 |a Načertanije  |h [elektronikus dokumentum] /  |c  Szajcsán Éva 
260 |a University of Szeged, Magyar Medievisztikai Kutatócsoport  |b Szeged  |c 2001 
300 |a 73-90 
490 0 |a Acta Universitatis Szegediensis : acta historica  |v 111 
650 4 |a Bölcsészettudományok 
650 4 |a Történettudomány és régészet 
695 |a Szerbia története - 19. sz., Ilija Garašanin 
856 4 0 |u http://acta.bibl.u-szeged.hu/2883/1/historica_111_073-090.pdf  |z Dokumentum-elérés